Criterion. (Record no. 527816)
[ view plain ]
| 000 -LEADER | |
|---|---|
| fixed length control field | 00533cas a2200193 a 4500 |
| 082 ## - DEWEY DECIMAL CLASSIFICATION NUMBER | |
| Classification number | 355 |
| 245 10 - TITLE STATEMENT | |
| Title | Criterion. |
| 260 ## - PUBLICATION, DISTRIBUTION, ETC. (IMPRINT) | |
| Place of publication, distribution, etc | Islamabad : |
| Name of publisher, distributor, etc | S. Iftikhar Murshed, |
| Date of publication, distribution, etc | 2006- |
| 300 ## - PHYSICAL DESCRIPTION | |
| Extent | v. ; |
| Dimensions | 24 cm. |
| 500 ## - GENERAL NOTE | |
| General note | Title from cover. |
| 650 #0 - SUBJECT ADDED ENTRY--TOPICAL TERM | |
| Topical term or geographic name as entry element | Islam and state |
| 650 #0 - SUBJECT ADDED ENTRY--TOPICAL TERM | |
| Topical term or geographic name as entry element | Education |
| Geographic subdivision | Pakistan |
| 650 #0 - SUBJECT ADDED ENTRY--TOPICAL TERM | |
| Topical term or geographic name as entry element | Security, International |
| 650 #7 - SUBJECT ADDED ENTRY--TOPICAL TERM | |
| Topical term or geographic name as entry element | Education. |
| 650 #7 - SUBJECT ADDED ENTRY--TOPICAL TERM | |
| Topical term or geographic name as entry element | Islam and state. |
| 650 #7 - SUBJECT ADDED ENTRY--TOPICAL TERM | |
| Topical term or geographic name as entry element | Politics and government |
| 650 #7 - SUBJECT ADDED ENTRY--TOPICAL TERM | |
| Topical term or geographic name as entry element | Security, International. |
| 942 ## - ADDED ENTRY ELEMENTS (KOHA) | |
| Koha item type | Continuing Resources |
| Damaged status | Not for loan | Permanent Location | Current Location | Date acquired | Full call number | Barcode | Koha item type |
|---|---|---|---|---|---|---|---|
| Central Library (CL) | Central Library (CL) | 08/17/2019 | Vol-13, No-2 APR-JUN 2018 | S-1053 | Continuing Resources | ||
| Central Library (CL) | Central Library (CL) | 11/08/2019 | Vol-14, No-3 JUL-SEP 2019 | S-9037 | Continuing Resources | ||
| Central Library (CL) | Central Library (CL) | 12/07/2019 | Vol-13, No-3 JUL-SEP 2018 | S-7076 | Continuing Resources | ||
| Central Library (CL) | Central Library (CL) | 12/07/2019 | Vol-14, No-1 JAN-MAR 2019 | S-5022 | Continuing Resources | ||
| Central Library (CL) | Central Library (CL) | 12/12/2019 | Vol-08, No-2 APR-JUN 2013 | S-94049 | Continuing Resources | ||
| Central Library (CL) | Central Library (CL) | 12/12/2019 | Vol-05, No-2 APR-JUN 2010 | S-94051 | Continuing Resources | ||
| Central Library (CL) | Central Library (CL) | 12/12/2019 | Vol-07, No-3 JUL-SEP 2012 | S-94048 | Continuing Resources | ||
| Central Library (CL) | Central Library (CL) | 12/12/2019 | Vol-13, No-1 JAN-MAR 2018 | S-94047 | Continuing Resources | ||
| Central Library (CL) | Central Library (CL) | 12/12/2019 | Vol-08, No-4 OCT-DEC 2013 | S-94045 | Continuing Resources | ||
| Central Library (CL) | Central Library (CL) | 12/12/2019 | Vol-07, No-4 OCT-DEC 2012 | S-94044 | Continuing Resources | ||
| Central Library (CL) | Central Library (CL) | 01/23/2020 | Vol-14, No-2 APR-JUN 2019 | S-95026 | Continuing Resources |
